[Event "AUT-chT2M 1516"]
[Site "Austria"]
[Date "2016.04.16"]
[Round "10.3"]
[White "Frank, Dieter"]
[Black "Ennsberger, Ulrich"]
[Result "1/2-1/2"]
[WhiteElo "2166"]
[BlackElo "2343"]
[PlyCount "97"]
[EventDate "2015.10.02"]
[EventType "team-tourn"]
[EventRounds "11"]
[EventCountry "AUT"]
[SourceTitle "EXT 2017"]
[Source "ChessBase"]
[SourceDate "2016.10.25"]
[SourceVersion "1"]
[SourceVersionDate "2016.10.25"]
[SourceQuality "1"]
[WhiteTeam "Villach Admira"]
[BlackTeam "Ansfelden"]
[WhiteTeamCountry "AUT"]
[BlackTeamCountry "AUT"]

1. e4 c6 2. d4 d5 3. exd5 cxd5 4. c4 Nf6 5. Nc3 e6 6. Nf3 Be7 7. cxd5 Nxd5 8. Bd3 Nc6 9. 0-0 0-0 10. a3 Bf6 11. Be4 Nce7 12. Qb3 Qb6 13. Qxb6 Nxb6 14. Bf4 Rd8 15. Rfd1 Ned5 16. Be5 Be7 17. Rac1 f6 18. Bg3 a6 19. h3 Nxc3 20. Rxc3 Nd5 21. Rcc1 b5 22. Bc2 Bd7 23. Bb3 Rdc8 24. Re1 Kf7 25. Nd2 Rc6 26. Rxc6 Bxc6 27. Rc1 Bb7 28. Ne4 Nf4 29. Bxf4 Bxe4 30. Re1 Bd5 31. Bxd5 exd5 32. Rc1 g5 33. Bd2 h5 34. Kf1 Bd6 35. Rc6 Ke7 36. Bb4 Bxb4 37. axb4 a5 38. Rb6 axb4 39. Rxb5 Ke6 40. Ke2 Ra1 41. Rxb4 Kf5 42. Rb6 Rb1 43. f3 h4 44. Ke3 Re1+ 45. Kf2 Rd1 46. Ke3 Re1+ 47. Kf2 Rd1 48. Ke3 Re1+ 49. Kf2 1/2-1/2

[Event "AUT-chT2M 1516"]
[Site "Austria"]
[Date "2016.04.15"]
[Round "9.2"]
[White "Theuretzbacher, Klaus"]
[Black "Frank, Dieter"]
[Result "1-0"]
[WhiteElo "2235"]
[BlackElo "2166"]
[PlyCount "65"]
[EventDate "2015.10.02"]
[EventType "team-tourn"]
[EventRounds "11"]
[EventCountry "AUT"]
[SourceTitle "EXT 2017"]
[Source "ChessBase"]
[SourceDate "2016.10.25"]
[SourceVersion "1"]
[SourceVersionDate "2016.10.25"]
[SourceQuality "1"]
[WhiteTeam "St Valentin"]
[BlackTeam "Villach Admira"]
[WhiteTeamCountry "AUT"]
[BlackTeamCountry "AUT"]

1. e4 e5 2. Nf3 Nc6 3. Nc3 Nf6 4. a3 Bc5 5. Nxe5 Nxe5 6. d4 Bd6 7. f4 Ng6 8. e5 0-0 9. exd6 cxd6 10. Be2 d5 11. 0-0 b6 12. f5 Ne7 13. Bg5 Bb7 14. Qd2 Kh8 15. Qf4 Neg8 16. Bf3 Qb8 17. Qh4 Qc7 18. Bf4 Qc6 19. Qg3 Ne4 20. Bxe4 dxe4 21. d5 Qc5+ 22. Be3 Qe7 23. d6 Qd8 24. Rf4 Nf6 25. Rh4 Qb8 26. Bd4 Qd8 27. Qh3 Kg8 28. g4 g6 29. Rh6 Rc8 30. Qh4 Ne8 31. f6 Rc4 32. Rxh7 Nxf6 33. Rh8+ 1-0

[Event "AUT-chT2M 1516"]
[Site "Austria"]
[Date "2016.02.27"]
[Round "7.5"]
[White "Watzka, Horst"]
[Black "Frank, Dieter"]
[Result "1/2-1/2"]
[WhiteElo "2222"]
[BlackElo "2166"]
[PlyCount "75"]
[EventDate "2015.10.02"]
[EventType "team-tourn"]
[EventRounds "11"]
[EventCountry "AUT"]
[SourceTitle "EXT 2017"]
[Source "ChessBase"]
[SourceDate "2016.10.25"]
[SourceVersion "1"]
[SourceVersionDate "2016.10.25"]
[SourceQuality "1"]
[WhiteTeam "Gleisdorf"]
[BlackTeam "Villach Admira"]
[WhiteTeamCountry "AUT"]
[BlackTeamCountry "AUT"]

1. e4 e5 2. Nf3 Nc6 3. Bb5 a6 4. Ba4 Nf6 5. d3 d6 6. c3 Be7 7. Nbd2 0-0 8. 0-0 b5 9. Bc2 Re8 10. Re1 Bf8 11. Nf1 h6 12. Ng3 Ne7 13. Nh4 c5 14. h3 Qc7 15. Qf3 Nh7 16. Nhf5 Be6 17. Bd2 Rec8 18. a3 Qd7 19. Rac1 Ra7 20. b4 cxb4 21. axb4 a5 22. bxa5 Rxa5 23. Ra1 Rca8 24. Rxa5 Rxa5 25. Ne3 Ra2 26. Qd1 Nf6 27. Qb1 Ra8 28. d4 Qb7 29. d5 Bd7 30. Bd3 Ne8 31. Nc2 Nc7 32. Qb2 Rb8 33. Nb4 Nc8 34. Nf1 Nb6 35. Ra1 Na4 36. Qb1 Nc5 37. Bc2 Be7 38. Be3 1/2-1/2

[Event "AUT-chT2M 1516"]
[Site "Austria"]
[Date "2016.02.26"]
[Round "6.4"]
[White "Waldmann, Gerald"]
[Black "Frank, Dieter"]
[Result "1/2-1/2"]
[WhiteElo "2090"]
[BlackElo "2166"]
[PlyCount "39"]
[EventDate "2015.10.02"]
[EventType "team-tourn"]
[EventRounds "11"]
[EventCountry "AUT"]
[SourceTitle "EXT 2017"]
[Source "ChessBase"]
[SourceDate "2016.10.25"]
[SourceVersion "1"]
[SourceVersionDate "2016.10.25"]
[SourceQuality "1"]
[WhiteTeam "Wolfsberg"]
[BlackTeam "Villach Admira"]
[WhiteTeamCountry "AUT"]
[BlackTeamCountry "AUT"]

1. e4 e5 2. Nf3 Nc6 3. d4 exd4 4. Nxd4 Bc5 5. Nb3 Bb4+ 6. Nc3 Nf6 7. Bd3 d5 8. Bd2 Bxc3 9. Bxc3 dxe4 10. Bxf6 Qxf6 11. Bxe4 0-0 12. 0-0 Bf5 13. Bxf5 Qxf5 14. Nd4 Nxd4 15. Qxd4 Rfd8 16. Qc4 Qe6 17. Qc3 Qf5 18. Qc4 Qe6 19. Qc3 Qf5 20. Qc4 1/2-1/2

[Event "Heusenstamm Sparkassen op-B 2nd"]
[Site "Heusenstamm"]
[Date "2015.11.28"]
[Round "4"]
[White "Frank, Dieter"]
[Black "Popp, Johann"]
[Result "1-0"]
[WhiteElo "1484"]
[BlackElo "1452"]
[PlyCount "117"]
[EventDate "2015.11.26"]
[EventType "swiss"]
[EventRounds "7"]
[EventCountry "GER"]
[SourceTitle "EXT 2018"]
[Source "ChessBase"]
[SourceDate "2017.10.13"]
[SourceVersion "1"]
[SourceVersionDate "2017.10.13"]
[SourceQuality "1"]

1. d4 e6 2. c4 d5 3. Nf3 Nf6 4. Nc3 Be7 5. Bg5 h6 6. Bh4 0-0 7. e3 Nbd7 8. cxd5 exd5 9. Be2 c6 10. 0-0 Re8 11. Ne5 Ne4 12. Bxe7 Qxe7 13. Nxe4 dxe4 14. f4 Nxe5 15. fxe5 f5 16. exf6 gxf6 17. Bg4 Qg7 18. Rf4 Kh8 19. Bxc8 Raxc8 20. Qc2 Qg6 21. Raf1 Re6 22. h3 h5 23. Qb3 Rg8 24. R1f2 Rd6 25. Qxb7 c5 26. Qxe4 cxd4 27. exd4 Qxe4 28. Rxe4 Rgd8 29. Rh4 Rxd4 30. Rxh5+ Kg7 31. Rhf5 Rd2 32. Rxd2 Rxd2 33. Rf2 Rd5 34. Rc2 Kg6 35. b4 Rb5 36. Rc4 a5 37. a3 axb4 38. axb4 f5 39. g4 fxg4 40. hxg4 Kf6 41. Kg2 Kg6 42. Kg3 Kh6 43. Kf4 Kg6 44. Ke4 Kf6 45. Kd4 Rg5 46. Kc3 Ke6 47. Kb3 Kd6 48. Ka4 Rg8 49. b5 Kd5 50. Kb4 Kd6 51. b6 Rb8 52. Kb5 Kd5 53. Rc5+ Kd6 54. g5 Kd7 55. g6 Rg8 56. Rc7+ Kd8 57. g7 Re8 58. Ka6 Rg8 59. Kb7 1-0

[Event "Heusenstamm Sparkassen op-B 2nd"]
[Site "Heusenstamm"]
[Date "2015.11.27"]
[Round "3"]
[White "Goodwin, David"]
[Black "Frank, Dieter"]
[Result "0-1"]
[WhiteElo "1576"]
[BlackElo "1484"]
[PlyCount "86"]
[EventDate "2015.11.26"]
[EventType "swiss"]
[EventRounds "7"]
[EventCountry "GER"]
[SourceTitle "EXT 2018"]
[Source "ChessBase"]
[SourceDate "2017.10.13"]
[SourceVersion "1"]
[SourceVersionDate "2017.10.13"]
[SourceQuality "1"]

1. Nf3 Nf6 2. g3 d5 3. d3 g6 4. c3 Bg7 5. Bg2 c6 6. 0-0 0-0 7. Nbd2 Na6 8. Nb3 Bg4 9. h3 Bd7 10. Bd2 Qc8 11. Kh2 Re8 12. Qc1 e5 13. Bh6 Kh8 14. Qg5 Qc7 15. Bxg7+ Kxg7 16. Ng1 h6 17. Qc1 Re7 18. Nd2 Rae8 19. e4 Be6 20. b4 Rd8 21. a3 Red7 22. Rd1 dxe4 23. dxe4 Qb6 24. c4 Qxf2 25. Ngf3 Nh5 26. Qc3 Qxg3+ 27. Kg1 f6 28. Qc2 Bxh3 29. Nf1 Rxd1 30. Rxd1 Rxd1 31. Nh4 Bxg2 32. Qxd1 Bxf1+ 33. Kxf1 Qxh4 34. Qd7+ Kh8 35. Qc8+ Kh7 36. Qxb7+ Ng7 37. Qxc6 Qh3+ 38. Ke2 Qxa3 39. b5 Nc5 40. Qd5 Qb2+ 41. Kf3 Qc3+ 42. Ke2 Qd4 43. Kf3 h5 0-1

[Event "Pula op 22nd"]
[Site "Pula"]
[Date "2008.06.22"]
[Round "2"]
[White "Frank, Dieter"]
[Black "Barle, Janez"]
[Result "0-1"]
[WhiteElo "2153"]
[BlackElo "2414"]
[PlyCount "100"]
[EventDate "2008.06.21"]
[EventType "swiss"]
[EventRounds "9"]
[EventCountry "CRO"]
[SourceTitle "CBM 125 Extra"]
[Source "ChessBase"]
[SourceDate "2008.09.01"]
[SourceVersion "1"]
[SourceVersionDate "2008.09.01"]
[SourceQuality "1"]

1. e4 c5 2. c3 d5 3. exd5 Qxd5 4. d4 e6 5. Nf3 Nf6 6. Be2 cxd4 7. cxd4 Nc6 8. Nc3 Qd8 9. 0-0 Be7 10. Be3 0-0 11. Ne5 Qa5 12. Nxc6 bxc6 13. Bf3 Nd5 14. Qa4 Qb6 15. Qc2 Ba6 16. Rfd1 Rab8 17. Rab1 Nb4 18. Qe4 Bc4 19. b3 Bd5 20. Qf4 Bxf3 21. Qxf3 Qa6 22. Rd2 Rfd8 23. Rc1 Qa3 24. Rcd1 Qa5 25. Na4 Nd5 26. h3 Qb5 27. Rc1 Bb4 28. Rdc2 Ba3 29. Rd1 Bd6 30. Qe4 g6 31. Bg5 Re8 32. Rdc1 Nb4 33. Rc5 Bxc5 34. Rxc5 Qd3 35. Qe5 Nd5 36. Rxd5 exd5 37. Qf4 Qf5 38. Qh4 Re1+ 39. Kh2 Rbe8 40. Bh6 f6 41. Be3 g5 42. Qh5 Qg6 43. Qf3 f5 44. Nc5 f4 45. Bd2 Rf1 46. Nd7 Qb1 47. g3 Qf5 48. Ne5 fxg3+ 49. Kxg3 Rxe5 50. dxe5 Rg1+ 0-1

[Event "AUT-chT2M 0708"]
[Site "Austria"]
[Date "2007.11.10"]
[Round "3.5"]
[White "Steiner, Stefan"]
[Black "Frank, Dieter"]
[Result "1/2-1/2"]
[WhiteElo "2162"]
[BlackElo "2153"]
[PlyCount "125"]
[EventDate "2007.10.13"]
[EventType "team"]
[EventRounds "11"]
[EventCountry "AUT"]
[SourceTitle "EXT 2009"]
[Source "ChessBase"]
[SourceDate "2008.11.26"]
[SourceVersion "1"]
[SourceVersionDate "2008.11.26"]
[SourceQuality "1"]
[WhiteTeam "Graz Strassenbahn"]
[BlackTeam "Villach Admira"]
[WhiteTeamCountry "AUT"]
[BlackTeamCountry "AUT"]

1. Nf3 Nf6 2. d4 e6 3. c4 d5 4. Nc3 Bb4 5. Qb3 Bxc3+ 6. Qxc3 Ne4 7. Qc2 0-0 8. Bf4 c5 9. dxc5 Qa5+ 10. Nd2 Nc6 11. f3 Nxd2 12. Qxd2 Qxc5 13. cxd5 exd5 14. Rc1 Qb6 15. Bd6 Re8 16. Bc5 Qd8 17. e3 Qh4+ 18. g3 Qf6 19. Kf2 Ne5 20. Be2 Bh3 21. Bd4 Qf5 22. Bxe5 Qxe5 23. Qd4 Qe7 24. Rc3 Be6 25. Rhc1 b6 26. Rc7 Qd6 27. R1c6 Qd8 28. Bd3 Qg5 29. a3 Rec8 30. Rxc8+ Rxc8 31. Rxc8+ Bxc8 32. h4 Qf6 33. Qxf6 gxf6 34. Ke2 h6 35. Kd2 Kf8 36. Kc3 Ke7 37. Kd4 Kd6 38. Bb1 Bb7 39. b4 Bc6 40. Ba2 a6 41. Bb3 f5 42. Bc2 Bd7 43. Bd3 a5 44. bxa5 bxa5 45. Ba6 Ba4 46. Be2 Bc6 47. Bd3 Bd7 48. Bc2 Bc8 49. Ba4 Ba6 50. Be8 f6 51. Bg6 Bc8 52. Be8 Ba6 53. Ba4 Be2 54. f4 Bf3 55. Bc2 Bg4 56. Bd3 Bh3 57. Be2 Bg2 58. Bh5 Be4 59. Bg6 Bb1 60. Bh5 Be4 61. Bd1 Bg2 62. Bc2 Bh3 63. Bd3 1/2-1/2

[Event "Hessen-ch Seniors"]
[Site "Offenbach"]
[Date "2005.03.30"]
[Round "4"]
[White "Frank, Dieter"]
[Black "Schwichtenberg, Juergen"]
[Result "1/2-1/2"]
[WhiteElo "1581"]
[BlackElo "2008"]
[PlyCount "80"]
[EventDate "2005.03.28"]
[EventType "swiss"]
[EventRounds "7"]
[EventCountry "GER"]
[SourceTitle "EXT 2006"]
[Source "ChessBase"]
[SourceDate "2005.11.24"]
[SourceVersion "1"]
[SourceVersionDate "2005.11.24"]
[SourceQuality "1"]

1. d4 Nf6 2. Nf3 d5 3. e3 Bg4 4. c4 c6 5. Qb3 Qc7 6. Ne5 e6 7. Nxg4 Nxg4 8. Be2 Nf6 9. Nc3 Be7 10. 0-0 0-0 11. cxd5 exd5 12. Bf3 Nbd7 13. Bd2 Nb6 14. Ne2 Nc4 15. Bc3 Nd6 16. Ng3 Qd7 17. Qc2 Rfe8 18. Bb4 Nb5 19. Bxe7 Rxe7 20. Rfc1 Nd6 21. h3 g6 22. Be2 a6 23. a4 Ree8 24. Nf1 Nfe4 25. Nd2 f5 26. Nf3 Nf7 27. h4 Qe7 28. Bf1 Rab8 29. Qb3 Kg7 30. Rc2 h6 31. a5 g5 32. hxg5 hxg5 33. g3 Qd6 34. Bg2 f4 35. exf4 gxf4 36. Nh4 Qf6 37. Rf1 Nfd6 38. Qf3 Rf8 39. Qg4+ Qg5 40. Qxg5+ Nxg5 1/2-1/2

[Event "Hessen-ch Seniors"]
[Site "Moerlenbach"]
[Date "2004.04.04"]
[Round "3"]
[White "Frank, Dieter"]
[Black "Fehres, Werner"]
[Result "1-0"]
[WhiteElo "2072"]
[BlackElo "2042"]
[PlyCount "109"]
[EventDate "2004.04.02"]
[EventType "swiss"]
[EventRounds "9"]
[EventCountry "GER"]
[SourceTitle "EXT 2005"]
[Source "ChessBase"]
[SourceDate "2004.11.15"]
[SourceVersion "1"]
[SourceVersionDate "2004.11.15"]
[SourceQuality "1"]

1. d4 f5 2. Nf3 Nf6 3. Nbd2 e6 4. e3 d5 5. c4 c6 6. cxd5 exd5 7. Ne5 Bd6 8. Ndf3 Qe7 9. Be2 Nbd7 10. Nxd7 Bxd7 11. 0-0 0-0 12. a4 a5 13. Re1 Ne4 14. Nd2 Bb4 15. Bf3 Rf6 16. g3 Raf8 17. Rf1 Ng5 18. Bg2 Rh6 19. Nf3 Nh3+ 20. Kh1 Bd6 21. Ng1 Ng5 22. f4 Ne4 23. Bxe4 dxe4 24. Bd2 Ra8 25. Bc3 Be6 26. Rf2 Bd5 27. Qd2 b6 28. Qe2 Qe6 29. Qd2 Qe7 30. Qe2 g5 31. Rg2 Rg6 32. fxg5 Rxg5 33. Nh3 Rg4 34. Nf4 Bf7 35. Rag1 Kf8 36. h3 Rg5 37. g4 Qc7 38. Qf2 Ke7 39. Qh4 Bxf4 40. exf4 Qxf4 41. Rf2 Qxf2 42. Qxf2 Bd5 43. Kh2 Rag8 44. Qf4 Kd7 45. b4 axb4 46. Bxb4 R5g6 47. a5 bxa5 48. Bxa5 Rd6 49. Qxf5+ Re6 50. Bb4 Rge8 51. Ra1 Kc7 52. Qxh7+ Kb6 53. Bc5+ Kb5 54. Qb7+ Kc4 55. Ra3 1-0